TEXT BOOK OF PEDODONTICS (Record no. 3610)

MARC details
000 -LEADER
fixed length control field 00347nam a2200145Ia 4500
008 - FIXED-LENGTH DATA ELEMENTS--GENERAL INFORMATION
fixed length control field 150201s2006 xx 000 0 und d
082 ## - DEWEY DECIMAL CLASSIFICATION NUMBER
Classification number 617.6515
Item number P2006D
100 ## - MAIN ENTRY--PERSONAL NAME
Personal name DAMLE,S.G.
245 ## - TITLE STATEMENT
Title TEXT BOOK OF PEDODONTICS
250 ## - EDITION STATEMENT
Edition statement 3RD
260 ## - PUBLICATION, DISTRIBUTION, ETC. (IMPRINT)
Name of publisher, distributor, etc. ARYA PUBLICATION
Place of publication, distribution, etc. DELHI
Date of publication, distribution, etc. 2006
300 ## - PHYSICAL DESCRIPTION
Extent 1-530
650 ## - SUBJECT ADDED ENTRY--TOPICAL TERM
Topical term or geographic name as entry element PEDODONTICS
942 ## - ADDED ENTRY ELEMENTS (KOHA)
Source of classification or shelving scheme Dewey Decimal Classification
Koha item type Books
Holdings
Withdrawn status Lost status Source of classification or shelving scheme Damaged status Not for loan Home library Current library Date acquired Source of acquisition Cost, normal purchase price Serial Enumeration / chronology SGTU Bill Number Total Checkouts Full call number Barcode Date last seen Bill Date Koha item type
    Dewey Decimal Classification     SGT Dental Library SGT Dental Library 01/03/2007 U.B.S.DELHI 750.00 1 SGTU 1183   617.6515 P2006D FD4226 09/02/2015 17/08/2012 Books
    Dewey Decimal Classification     SGT Dental Library SGT Dental Library 01/03/2007 U.B.S.DELHI 750.00 1 SGTU 1183   617.6515 P2006D FD4227 09/02/2015 17/08/2012 Books